U.S. General Knowledge #65 - Statistics

General Stats
  • This quiz has been taken 8,209 times
  • The average score is 11 of 20
Answer Stats
Question Answer % Correct
The U.S. constitution has 27 of these. What are they? Amendments
82%
Which weapon in the board game "Clue" is mostly likely to have wax on it? Candlestick
79%
What fast food chain introduced the Blizzard in 1985? Dairy Queen
77%
What magazine has published a list of the 400 richest Americans each year since 1982? Forbes
76%
What collection of 19 museums is known as "The Nation's Attic"? The Smithsonian
72%
Who did the Frito Company merge with in 1961? H. W. Lay
71%
What word can come after varsity, bomber, or dust? Jacket
67%
Whose number, 42, was retired by all Major League baseball teams? Jackie Robinson
64%
What is the name of Boston's largest daily newspaper? Boston Globe
59%
In "America the Beautiful", the mountains are purple. What color are the waves of grain? Amber
52%
What singer grew up in a small cabin near Pigeon Forge, Tennessee? Dolly Parton
52%
Which President's last name might be considered the antonym of "Emptyless"? Millard Fillmore
50%
What New York neighborhood gets its name because it is south of Houston street? SoHo
50%
What U.S.-based church owns an investment portfolio worth over $100 billion? Latter-day Saints
48%
What 1944 law paid for about 2.2 million WWII veterans to attend college? {G}.{I}. {Bill}
46%
What boxer was known as "Smokin' Joe"? Joe Frazier
45%
Which Presidential candidate had Joe Lieberman as his running mate? Al Gore
40%
What aggressive insect escaped from captivity in Brazil in 1956 and reached the United States in 1990? Killer bee
29%
Who, appropriately, founded a chain of stores in 1902 where people could save "cents"? J. C. Penney
28%
What gossip show derives its name from the 30 mile area around Los Angeles where many movie and TV studios are located? TMZ
19%
No matching quizzes found
Score Distribution
Percent of People with Each Score
Percentile by Number Answered
Your Score History
You have not taken this quiz